Country Shapes Fishing Game - Statistics

General Stats
  • This quiz has been taken 91,410 times
  • The average score is 10 of 20
Answers on the Map
Answers color-coded by a green-red scale on the quiz's map according to % correct below.
 
Answer Stats
Country % Correct
South Africa
82%
India
81%
Brazil
78%
Russia
77%
United Kingdom
77%
United States
76%
Canada
75%
Chile
74%
Australia
73%
China
73%
Egypt
73%
Italy
73%
Norway
73%
Spain
73%
France
72%
Turkey
70%
Croatia
69%
Mexico
69%
Cuba
68%
Japan
68%
Austria
67%
Indonesia
66%
Somalia
66%
Thailand
66%
Argentina
65%
Cyprus
65%
Mali
64%
Philippines
64%
Vietnam
64%
Germany
62%
Peru
62%
Portugal
62%
Ukraine
61%
Greece
60%
Morocco
60%
Kazakhstan
59%
Madagascar
59%
New Zealand
59%
Senegal
57%
Algeria
56%
Iran
56%
Libya
56%
Mongolia
56%
Papua New Guinea
56%
Saudi Arabia
56%
Chad
55%
Laos
55%
Taiwan
55%
Democratic Republic of the Congo
53%
Ireland
53%
Ethiopia
52%
Eritrea
51%
Iceland
51%
Mozambique
51%
United Arab Emirates
51%
Pakistan
50%
Sudan
50%
Tunisia
50%
Iraq
49%
Israel
49%
Malawi
49%
Netherlands
49%
Niger
49%
North Korea
49%
Zambia
49%
Cameroon
48%
Nepal
48%
Panama
48%
Sweden
48%
Haiti
47%
Mauritania
47%
Myanmar
47%
Sri Lanka
47%
Malaysia
46%
Namibia
46%
Nicaragua
46%
Poland
46%
Romania
46%
Yemen
46%
Afghanistan
45%
Venezuela
44%
Bangladesh
43%
Gabon
43%
Gambia
42%
South Korea
41%
Syria
41%
Belarus
39%
Belgium
38%
Georgia
37%
Colombia
36%
Switzerland
36%
Serbia
34%
Kenya
33%
Nigeria
33%
Costa Rica
30%
Paraguay
30%
Guyana
29%
Liberia
24%
Guatemala
22%
Guinea
21%
No matching quizzes found
Score Distribution
Percent of People with Each Score
Percentile by Number Answered
Your Score History
You have not taken this quiz